Oxford textbook of palliative medicine / (Record no. 9684)

MARC details
000 -LEADER
fixed length control field 00609cam a22002052 4500
001 - CONTROL NUMBER
control field 0000021461
005 - DATE AND TIME OF LATEST TRANSACTION
control field 20151217152232.0
008 - FIXED-LENGTH DATA ELEMENTS--GENERAL INFORMATION
fixed length control field 120522s xx 000 0 eng d
020 ## - INTERNATIONAL STANDARD BOOK NUMBER
International Standard Book Number 0199693146 :
040 ## - CATALOGING SOURCE
Original cataloging agency KABU
Transcribing agency KABU
245 10 - TITLE STATEMENT
Title Oxford textbook of palliative medicine /
Statement of responsibility, etc. edited by Geoffrey Hanks ... [et al]
250 ## - EDITION STATEMENT
Edition statement 4th ed.
260 ## - PUBLICATION, DISTRIBUTION, ETC. (IMPRINT)
Place of publication, distribution, etc. Oxford :
Name of publisher, distributor, etc. O.U.P,
Date of publication, distribution, etc. 2010.
300 ## - PHYSICAL DESCRIPTION
Extent xxx, 1666 p.
650 #0 - SUBJECT ADDED ENTRY--TOPICAL TERM
Topical term or geographic name as entry element Palliative treatment
General subdivision Textbooks.
-- 0000182347
700 1# - ADDED ENTRY--PERSONAL NAME
Personal name Hanks, Geoffrey.
-- 0000182348
908 ## - PUT COMMAND PARAMETER (RLIN)
Put command parameter 120522
950 ## - LOCAL HOLDINGS (RLIN)
-- 1
Holdings
Withdrawn status Lost status Source of classification or shelving scheme Not for loan Home library Current library Date acquired Total Checkouts Full call number Barcode Date last seen Date last checked out Price effective from Koha item type
    Library of Congress Classification   Kabarak, Main Campus Kabarak, Main Campus 17/12/2015 2 R726.8 .O94 2010 c.1 013085 21/08/2019 28/06/2019 17/12/2015 General Collection
Designed with assistance from East African Informatics Ltd